| 000 | 01099nam a2200301 i 4500 | ||
|---|---|---|---|
| 001 | bg | ||
| 003 | BPK | ||
| 005 | 20200722095427.0 | ||
| 008 | 990506s1982 pl a f f |000 0 pol | ||
| 015 | _aPB 1983/3109 | ||
| 040 |
_aWA N _cBPK |
||
| 041 | 0 | _apol | |
| 080 | _a624.07 | ||
| 080 | _a621.88 | ||
| 100 | 1 |
_aFilipowicz, Andrzej _d(1938- ) _eAutor |
|
| 245 | 1 | 0 |
_aPołączenia śrubowe w konstrukcjach budowlanych / _cAndrzej Filipowicz, Wojciech Włodarczyk, Wojciech Żółtowski. |
| 260 |
_aWarszawa : _bCentralny Ośrodek Informacji Budownictwa, _c1982. |
||
| 300 |
_a83, [1] s. : _brys., wykr. ; _c21 cm. |
||
| 490 | 1 |
_aProblematyka Budownictwa _x0239-863X _v176. |
|
| 504 | _aBibliogr. oraz wykaz norm s. 81-84. | ||
| 546 | _aStreszcz. ros., ang. | ||
| 650 | 4 |
_aŚruby _xstosowanie _xbudownictwo. |
|
| 650 | 4 | _aKonstrukcje budowlane | |
| 700 | 1 |
_aWłodarczyk, Wojciech _eAutor |
|
| 830 | 0 |
_aProblematyka Budownictwa _v176. |
|
| 856 |
_uhttp://koha.tu.koszalin.pl/cgi-bin/koha/opac-detail.pl?biblionumber=21342 _yKatalog online BPK |
||
| 942 |
_2UKD _cKS |
||
| 999 |
_c21342 _d21342 |
||